000 00345cam a22001097a 4500
008 180718b1968 xxu||||| |||| 00| 0 eng d
082 _aR706x71 C16/ST/18
100 _aBrown, J.M.
245 _aTask force on labour relations, study no.18 interest arbitration
_cby J.M. Brown
260 _aOttawa
_bPrivy Council Office
_c1968
300 _axiii, 310p
999 _c496384
_d496384